Residential property price report January - March 2000 & April - June 2000 - July-September 2000 & October - December 2000 (Record no. 100550)

MARC details
000 -LEADER
fixed length control field 00676cam a2200217 4500
001 - CONTROL NUMBER
control field J61454
008 - FIXED-LENGTH DATA ELEMENTS--GENERAL INFORMATION
fixed length control field 000000n2000 000 0 eng u
035 ## - SYSTEM CONTROL NUMBER
System control number (Sirsi) u106279
041 ## - LANGUAGE CODE
Language code of text/sound track or separate title ENG
050 ## - LIBRARY OF CONGRESS CALL NUMBER
Classification number 333.33
110 ## - MAIN ENTRY--CORPORATE NAME
Corporate name or jurisdiction name as entry element HM Land Registry
9 (RLIN) 1247
245 ## - TITLE STATEMENT
Title Residential property price report January - March 2000 & April - June 2000 - July-September 2000 & October - December 2000
260 ## - PUBLICATION, DISTRIBUTION, ETC.
Place of publication, distribution, etc. London
Name of publisher, distributor, etc. HM Land Registry
Date of publication, distribution, etc. 2000
300 ## - PHYSICAL DESCRIPTION
Extent 4 pt ; 30cm.
650 ## - SUBJECT ADDED ENTRY--TOPICAL TERM
Topical term or geographic name entry element HOUSE PRICES
650 ## - SUBJECT ADDED ENTRY--TOPICAL TERM
Topical term or geographic name entry element HOUSING MARKET
650 ## - SUBJECT ADDED ENTRY--TOPICAL TERM
Topical term or geographic name entry element PRICES
650 ## - SUBJECT ADDED ENTRY--TOPICAL TERM
Topical term or geographic name entry element RESIDENTIAL PROPERTY
9 (RLIN) 6266
690 ## - LOCAL SUBJECT ADDED ENTRY--TOPICAL TERM (OCLC, RLIN)
Topical term or geographic name as entry element PROPERTY-RESIDENTIAL PROPERTY-RESIDENTIAL PROPERTY MARKET
942 ## - ADDED ENTRY ELEMENTS (KOHA)
Suppress in OPAC 0
Holdings
Withdrawn status Lost status Source of classification or shelving scheme Damaged status Not for loan Home library Current library Shelving location Date acquired Total Checkouts Full call number Barcode Date last seen Copy number Price effective from Koha item type
    Dewey Decimal Classification     London London Statistics 06/06/2000   STATISTICS 30061454 06/08/2019 1 06/08/2019 Reference material
    Dewey Decimal Classification     London London Statistics 06/06/2000   STATISTICS 30061455 06/08/2019 2 06/08/2019 Reference material
    Dewey Decimal Classification     London London Statistics 13/09/2000   STATISTICS 30062204 06/08/2019 3 06/08/2019 Reference material
    Dewey Decimal Classification     London London Statistics 07/12/2000   STATISTICS 30063038 06/08/2019 4 06/08/2019 Reference material
    Dewey Decimal Classification     London London Statistics 12/03/2001   STATISTICS 30063724 06/08/2019 5 06/08/2019 Reference material